[Event "POL-chT U18 1st"]
[Site "Poland"]
[Date "2022.07.03"]
[Round "9.6"]
[White "Matuszewska, Kinga"]
[Black "Seemann, Pola"]
[Result "0-1"]
[WhiteElo "1085"]
[BlackElo "1738"]
[PlyCount "88"]
[EventDate "2022.06.25"]
[EventType "team-swiss"]
[EventRounds "9"]
[EventCountry "POL"]
[SourceTitle "EXT 2023"]
[Source "ChessBase"]
[SourceDate "2022.10.05"]
[SourceVersion "1"]
[SourceVersionDate "2022.10.05"]
[SourceQuality "1"]
[WhiteTeam "Kalisz KTS"]
[BlackTeam "Rybnik"]
[WhiteTeamCountry "POL"]
[BlackTeamCountry "POL"]

1. e4 e5 2. Nf3 Nc6 3. d4 exd4 4. Nxd4 Nf6 5. Nxc6 bxc6 6. Nd2 a5 7. Bd3 Bc5 8. 0-0 d6 9. h3 0-0 10. Kh1 Re8 11. f4 Bb7 12. Qf3 Ba7 13. Qg3 Qe7 14. Re1 Nh5 15. Qg4 g6 16. Nf1 c5 17. Be3 Nf6 18. Qg5 Nxe4 19. Qxe7 Rxe7 20. Bg1 Rae8 21. Kh2 Bb6 22. Re2 f5 23. Rae1 d5 24. c4 d4 25. Nd2 a4 26. Rc1 Nxd2 27. Rxd2 Ba5 28. Rdd1 Be4 29. Kg3 Bxd3 30. Rxd3 Re2 31. Ra3 Rxb2 32. Rxa4 Bb6 33. Ra3 Ree2 34. Ra8+ Kf7 35. Kh2 Rxg2+ 36. Kh1 Rg3 37. a4 Rxh3+ 38. Bh2 Rbxh2+ 39. Kg1 Rh1+ 40. Kg2 Rxc1 41. Kxh3 Rxc4 42. a5 Ra4 43. a6 c4 44. Kg2 c3 0-1

[Event "POL-chT U18 1st"]
[Site "Poland"]
[Date "2022.06.30"]
[Round "6.6"]
[White "Slusarczyk, Anna"]
[Black "Matuszewska, Kinga"]
[Result "1-0"]
[WhiteElo "1604"]
[BlackElo "1085"]
[PlyCount "57"]
[EventDate "2022.06.25"]
[EventType "team-swiss"]
[EventRounds "9"]
[EventCountry "POL"]
[SourceTitle "EXT 2023"]
[Source "ChessBase"]
[SourceDate "2022.10.05"]
[SourceVersion "1"]
[SourceVersionDate "2022.10.05"]
[SourceQuality "1"]
[WhiteTeam "Wieliczka MKS MOS"]
[BlackTeam "Kalisz KTS"]
[WhiteTeamCountry "POL"]
[BlackTeamCountry "POL"]

1. d4 d5 2. c4 e6 3. Nc3 Nf6 4. Bg5 Be7 5. Nf3 Nbd7 6. e3 a6 7. cxd5 exd5 8. Bd3 c6 9. 0-0 0-0 10. Qc2 Re8 11. Rab1 g6 12. b4 b5 13. h3 Nb6 14. Ne5 Qc7 15. f4 Nc4 16. f5 Nxe5 17. dxe5 Qxe5 18. Bf4 Qxf4 19. Rxf4 Bd6 20. Rf3 Re7 21. fxg6 Be5 22. Rbf1 hxg6 23. Rxf6 Bxf6 24. Rxf6 Rxe3 25. Bxg6 Be6 26. Ne2 Kh8 27. Bxf7 Bxf7 28. Rxf7 Rg8 29. Rh7# 1-0